[Event "Ozery op2 Seniors"]
[Site "Ozery"]
[Date "1997.??.??"]
[Round "2"]
[White "Aljechin, Yuri"]
[Black "Rutman, Aleksandr"]
[Result "0-1"]
[WhiteElo "2220"]
[BlackElo "2315"]
[PlyCount "90"]
[EventDate "1997.??.??"]
[EventType "swiss"]
[EventRounds "9"]
[EventCountry "RUS"]
[SourceTitle "EXT 2001"]
[Source "ChessBase"]
[SourceDate "2000.11.22"]
[SourceVersion "1"]
[SourceVersionDate "2000.11.22"]
[SourceQuality "1"]

1. e3 Nf6 2. d4 g6 3. g3 Bg7 4. Bg2 0-0 5. Nf3 d6 6. 0-0 Nbd7 7. b3 e5 8. Bb2 e4 9. Nfd2 Re8 10. c4 Nf8 11. Nc3 Bf5 12. Qc2 Qe7 13. Rac1 h5 14. Nd5 Nxd5 15. cxd5 Rac8 16. b4 Nh7 17. Rfe1 Nf6 18. Qb3 Qd7 19. a4 Bh3 20. Bh1 Qf5 21. Rc2 Nxd5 22. Rec1 c6 23. b5 Nf6 24. bxc6 bxc6 25. Nc4 Qd7 26. Ba3 Be6 27. Qb1 Bf8 28. Rb2 Bxc4 29. Rxc4 d5 30. Rc3 Bxa3 31. Rxa3 Qd6 32. Rab3 c5 33. dxc5 Qxc5 34. Bg2 Qc1+ 35. Bf1 Re7 36. Rb8 Kg7 37. Rxc8 Qxc8 38. Rb8 Qc3 39. Bh3 Rc7 40. Kg2 d4 41. Rb3 Qc5 42. Rb5 Qd6 43. exd4 Qxd4 44. Rb4 Qd5 45. Kg1 Qd2 0-1